100 Most Influential Historical Figures - Statistics

General Stats
  • This quiz has been taken 361 times
  • The average score is 30 of 100
Answer Stats
Hint Answer % Correct
19 Adolf Hitler
88%
1 Jesus
88%
31 George Washington
83%
2 Muhammad
83%
66 Joseph Stalin
76%
57 Abraham Lincoln
73%
71 Winston Churchill
70%
44 Vladimir Lenin
69%
15 Julius Caesar
68%
7 Napoleon
68%
94 Elizabeth I
65%
9 Alexander the Great
64%
23 Mohandas Gandhi
62%
17 Christopher Columbus
60%
10 Gautama Buddha
58%
49 Genghis Khan
58%
69 Mao Zedong
58%
5 Martin Luther
58%
77 Plato
55%
6 Aristotle
53%
21 Thomas Edison
53%
45 William Shakespeare
52%
20 Socrates
51%
24 Charlemagne
50%
42 Augustus
47%
34 Louis XIV
46%
79 Benito Mussolini
45%
12 Karl Marx
45%
67 Ludwig van Beethoven
45%
61 Benjamin Franklin
43%
22 Wolfgang Amadeus Mozart
43%
11 Charles Darwin
42%
70 Ho Chi Minh
42%
39 Peter the Great
40%
3 Confucius
38%
32 Henry VIII
37%
37 Nikola Tesla
36%
41 St Paul
36%
55 Catherine the Great
35%
62 Marie Curie
35%
43 Michelangelo
35%
40 William the Conqueror
33%
51 Simon Bolivar
32%
13 Johannes Gutenberg
31%
47 Ferdinand Magellan
28%
30 Nicolaus Copernicus
28%
4 Constantine
27%
27 Homer
25%
91 Hernan Cortes
23%
78 Otto von Bismarck
23%
14 Ali
22%
92 Archimedes
22%
85 Vasco de Gama
22%
36 Wright Brothers
22%
97 Hannibal
21%
26 Louis Pasteur
21%
89 Attila the Hun
20%
88 Oliver Cromwell
20%
90 Alessandro Volta
19%
50 Friedrich Nietzsche
19%
75 Che Guevara
17%
80 Isabella
17%
60 Voltaire
15%
99 Dante Alighieri
14%
100 Francisco Pizarro
14%
65 Guglielmo Marconi
14%
63 James Watt
14%
8 St Augustine
14%
25 Justinian
13%
68 Rembrandt van Rijn
13%
33 Saladin
13%
73 Gregor Mendel
12%
74 Kim Il-Sung
12%
93 Cicero
11%
76 Leon Trotsky
11%
64 Frederick the Great
10%
29 Herodotus
9%
48 Suleiman the Magnificent
9%
96 Darius the Great
8%
87 Pericles
7%
81 Hideki Tojo
6%
72 Georg Hegel
3%
53 John Locke
3%
95 Cardinal Richelieu
2%
46 Moctezuma
2%
59 Montesquieu
2%
86 Sitting Bull
2%
84 Tokugawa Ieyasu
2%
98 Atahualpa
1%
83 Cecil Rhodes
1%
16 Guru Nanak
1%
56 Jean-Jacques Rousseau
1%
28 Leonard da Vinci
1%
58 Macchiavelli
1%
54 Mehmed the Conqueror
1%
52 Edward Jenner
0%
38 Frederick I, Barbarossa
0%
18 Gregory VII
0%
35 Maximilien Robespierre
0%
82 Tacitus
0%
No matching quizzes found
Score Distribution
Percent of People with Each Score
Percentile by Number Answered
Your Score History
You have not taken this quiz